Statistiques concernant Les joueurs de Valenciennes (2006-2007)

Cliquez ici pour prendre le quiz!

Statistiques générales

  • Ce quiz a été pris 51 fois
  • Le résultat moyen est 7 sur 26

Statistiques - réponses

NationalitéPosteJoueurs% Correct
FranceGNicolas Penneteau
79%
FranceASteve Savidan
79%
FranceDRudy Mater
60%
FranceEntraineurAntoine Kombouaré
53%
FranceMJosé Saez
35%
MarocDAbdeslam Ouaddou
33%
TogoAThomas Dossevi
33%
MaliDEric Chelle
30%
FranceGWilly Grondin
30%
FranceALaurent Dufresne
28%
FranceDMody Traoré
28%
FranceMSebastien Roudet
28%
FranceMGeoffrey Doumeng
23%
FranceDGuillaume Rippert
21%
FranceDMaxence Flachez
19%
BrésilMJeovanio
16%
FranceMRudy Haddad
16%
AlgérieMYacine Bezzaz
16%
Pays-BasMPatrick Paauwe
14%
RoumanieAFlorin Bratu
12%
FranceMKhaled Kharroubi
12%
FranceGStephane Coque
12%
FranceAEric Hassli
9%
FranceDOrlando Silvestri
9%
FranceMNicolas Pamart
2%
FranceDNicolas Pamart
2%

Distribution des résultats

Percentile par nombre de réponses

% des personnes avec chaque résultat

Votre développement - résultats

Vous n’avez pas pris ce quiz